[Event "Bethune op-B 25th"]
[Site "Bethune"]
[Date "2004.12.29"]
[Round "6"]
[White "Gallaud, Serge"]
[Black "Linsmeier, Michel"]
[Result "1-0"]
[WhiteElo "1640"]
[BlackElo "1380"]
[PlyCount "71"]
[EventDate "2004.12.26"]
[EventType "swiss"]
[EventRounds "7"]
[EventCountry "FRA"]
[SourceTitle "EXT 2006"]
[Source "ChessBase"]
[SourceDate "2005.11.24"]
[SourceVersion "1"]
[SourceVersionDate "2005.11.24"]
[SourceQuality "1"]

1. e4 e5 2. Nf3 Nc6 3. Bb5 d6 4. d4 a6 5. Bxc6+ bxc6 6. dxe5 d5 7. Nc3 Bb4 8. exd5 cxd5 9. 0-0 Bxc3 10. bxc3 Ne7 11. Bg5 Be6 12. Rb1 Qd7 13. Rb7 Nc6 14. Nd4 Na5 15. Rb1 h6 16. Bh4 Nc4 17. h3 Nxe5 18. f4 Nc6 19. f5 Nxd4 20. Qxd4 0-0 21. fxe6 fxe6 22. Rb7 Qd6 23. Rbb1 c5 24. Qg4 e5 25. Bg3 Ra7 26. Rxf8+ Kxf8 27. Re1 Re7 28. Qf5+ Kg8 29. Rxe5 Rxe5 30. Bxe5 Qe7 31. Qf4 c4 32. Kf2 g5 33. Qf6 Qh7 34. Qd8+ Kf7 35. Qd7+ Kg6 36. Qxh7+ 1-0

[Event "Bethune op-B 25th"]
[Site "Bethune"]
[Date "2004.12.27"]
[Round "3"]
[White "Rigolot, Lucie"]
[Black "Gallaud, Serge"]
[Result "0-1"]
[WhiteElo "1520"]
[BlackElo "1640"]
[PlyCount "106"]
[EventDate "2004.12.26"]
[EventType "swiss"]
[EventRounds "7"]
[EventCountry "FRA"]
[SourceTitle "EXT 2006"]
[Source "ChessBase"]
[SourceDate "2005.11.24"]
[SourceVersion "1"]
[SourceVersionDate "2005.11.24"]
[SourceQuality "1"]

1. e4 c5 2. Nf3 d6 3. d4 cxd4 4. Nxd4 Nf6 5. Nc3 a6 6. Be3 Nbd7 7. Bc4 e6 8. Nf3 b5 9. Bd3 Bb7 10. 0-0 b4 11. Ne2 Nxe4 12. Bxe4 Bxe4 13. Ng3 Bb7 14. Ng5 Nf6 15. Qd2 h6 16. Nh3 a5 17. Rfd1 Ne4 18. Nxe4 Bxe4 19. f3 Bh7 20. c3 d5 21. cxb4 Bxb4 22. Qd4 Qf6 23. Qb6 0-0 24. Bd4 e5 25. Bc5 Qxb6 26. Bxb6 d4 27. a3 Bd6 28. Rac1 Rfc8 29. Rxc8+ Rxc8 30. Bxa5 Rc2 31. b4 Ra2 32. Rc1 Bc2 33. g3 d3 34. Nf2 Rxa3 35. Ne4 Be7 36. f4 exf4 37. gxf4 f5 38. Nd2 Bd6 39. Rf1 Be7 40. Rc1 Ra4 41. Re1 Bxb4 42. Bxb4 Rxb4 43. Rf1 Rb2 44. Kg2 Ba4 45. Rf2 g5 46. fxg5 hxg5 47. Kf3 f4 48. Kg4 Rb5 49. Ne4 Bd1+ 50. Kh3 Re5 51. Rf1 Be2 52. Nf6+ Kg7 53. Ng4 Bxf1# 0-1